000
00175nam a2200073Ia 4500
008
170524s9999 xx 000 0 und d
100
_a
GAUR
245
0
_a
EVENT MARKETING MANAGEMENT
260
_b
VIKAS PUB.HOUSE
999
_c
7891
_d
7891